Quizzes
Events
Quiz Creation
Community
Videos
Private Events
Remove Ads
Sign In
Join for FREE
Feedback
Dark Mode
Quiz Categories
Sports
Geography
Music
Movies
Television
Just For Fun
Miscellaneous
History
Literature
Language
Science
Gaming
Entertainment
Religion
Holiday
For Kids
Quiz Lab
Recent
Popular Today
Quiz Kudos Today
Editor Picks
Curator Picks
Quizzes by...
Day
Popularity
Type
Ratings
Length
Year
Community
Subscriptions
Recent Discussions
Orange Saloon
Badges
Playlists
Quests
Create
Leaderboards
Showdown
Live 5
Trivia Bingo
Activity
Puzzle Library
Sporcle Events
Private Events
Virtual Trivia
Globe League
Become a Host
Pub Owners
SporcleCon
Opinionation
Our Games
Videos
Blog
Mobile Apps
Partnerships
Remove Ads and Go Orange
Feedback
Miscellaneous
Crossword
General Knowledge
Baby Names
Logo
Food
Cars
Numbers
Grab Bag
University
College
Popular
Company
Slogans
Restaurants
Justice
Letter
Miscellaneous
Crossword
General Knowledge
Baby Names
Logo
Food
Cars
Numbers
Grab Bag
University
College
Popular
Company
Slogans
Restaurants
Justice
Letter
Random Quiz
Search Sporcle
×
Quiz Lab
Quiz Lab
Miscellaneous
University
Type in answers that appear in a list
Type in answers that appear in a list
Classic
Best Score? Go Orange.
Top Universities in the WORLD Stats
Can you name the Top Universities in the world according to Times Higher Education?
By
smdonaldson
10m
35 Questions
145 Plays
145 Plays
145 Plays
Comments
Comments
Give Quiz Kudos
Give Quiz Kudos
-
- Ratings
hide this ad
Replay
Link that replays current quiz
Next Quiz
Link to next quiz in quiz playlist
You Got
0%
They Got
Avg Score
45%
Avg Friend Score
Upgrade to see
Score Distribution
Jump to the score distribution portion of the page
Score
0/35
Timer
10:00
1
Play Today
No.
University
% Correct
1
Harvard University
96.6%
4
University of Oxford
89%
10
Yale University
88.3%
3
University of Cambridge
84.8%
2
Massachusetts Institute of Technology
82.1%
7
Princeton University
77.9%
6
Stanford University
76.6%
13
Columbia University
63.4%
17
Cornell University
62.1%
9
University of Tokyo
60.7%
20
University College London
59.3%
16
University of Toronto
56.6%
5
University of California, Berkeley
55.9%
12
University of Michigan
55.9%
14
University of Chicago
53.1%
29
New York University
53.1%
8
University of California, Los Angeles
49%
32
Duke University
48.3%
No.
University
% Correct
34
University of California, San Diego
44.1%
33
McGill University
42.8%
18
University of Pennsylvania
40.7%
27
University of Texas at Austin
33.8%
28
University of Washington
33.1%
15
Imperial College London
31%
11
California Institute of Technology
29%
31
University of British Columbia
24.8%
25
London School of Economics and Political Science
21.4%
26
Carnegie Mellon University
21.4%
24
University of Illinois at Urbana Champaign
20%
22
National University of Singapore
15.2%
35
Tsinghua University
13.1%
19
John Hopkins University
6.9%
23
Kyoto University
4.1%
21
ETH Zurich - Swiss Federal Institute of Technology Zurich
2.8%
30
University of Wisconsin-Madison
2.8%
Quiz Playlist
Details
Report
Send in Message
Add To Playlist
Classic:
Type in answers that appear in a list
Last Updated: Feb 16, 2017
Quiz Scoreboard
CHALLENGE
Sign Up to Join the Scoreboard
Show All
Scores
Hide
Comments
May contain spoilers
Recently Published
Billboard Blitz: Fleetwood Mac
by CooCooCachoo
Music
15s
Presidents Visiting Landmarks
by Hejman
History
7m
An Introduction to Baseball
by treessimontrees
Sports
5m
More to Explore
Quiz From the Vault
Featured Blog Post
Where Did the Easter Bunny Come From?
hide this ad
You Might Also Like...
Tags
Country Quiz
University Quiz
World Quiz
Education
Today's Top Quizzes in Miscellaneous
Browse Miscellaneous
hide this ad
Today's Top Quizzes in University
Browse University
Top Contributed Quizzes in Miscellaneous
1
5-to-1: Fast Food
2
The JOE quick-fire general knowledge quiz: Day 174
3
The JOE quick-fire general knowledge quiz: Day 173
4
5-to-1: Cocktails
5
The JOE quick-fire general knowledge quiz: Day 172
6
Sunday Crossword: Famous Bodies of Water
7
One Thing in Common: United Kingdom II
8
The JOE quick-fire general knowledge quiz: Day 171
9
Named After an Animal - Odd One Out!
10
The JOE quick-fire quiz: Day 170
Explore More
Trending Topics
Anime
Crossword
Kpop
NBA
Harry Potter
Disney
Marvel
Song
WWE
Country
Pokémon
Puzzle
NFL
The Office
Soccer
hide this ad
More By:
smdonaldson
Quiz
Plays
Rating
Category
Featured
Created
The Chase
10,414
2.50
Just For Fun
Dec 6, 2012
ABBA songs in Mamma Mia!
3,433
4.11
Movies
Jul 17, 2013
Downton Abbey Quotes: What follows this quote?
3,178
4.54
Television
Jan 22, 2013
Greys Anatomy - more than 20
3,148
5.00
Television
Jan 7, 2015
GLEE Quotes: who said it?
2,407
2.17
Television
Jan 27, 2013
Go to Creator's Profile
Score Distribution
Quiz Creator Spotlight
smdonaldson
Follow
Send a Message
Quizzes Created
-
Created Quiz Play Count
-
More By This Creator
Popular Quizzes Today
1
Find the US States - No Outlines Minefield
2
Find the Countries of Europe - No Outlines Minefield
3
The Countries of the World
4
Find the US States
5
US States
6
Risky Map Clicking: Biggest States A-Z
7
Popular People in 1961
8
Movies - When Are They Set?
More Miscellaneous Quizzes
Christmas Pick: Baby Names
Curator's Pick
Trending Quizzes
Risky Map Clicking: Least Populous States A-Z
1-10 Letter G Words
1-10 Letter F Words
Risky Map Clicking: Next State Alphabetically
Risky Map Clicking: Biggest States A-Z
Recently Updated
Leaping Animals
pecheneg
Reality TV Shows (A-Z)
bhenderson79
Rickey Henderson's Hall of Fame Teammates
pecheneg
Champions League XIs: Arsenal
pecheneg
Quick Pick: Celebrities in WWE's Hall of Fame
aduchscher
A-Z Keypad Blitz II
pecheneg
Multiple Oscar Actors
pecheneg
Mystery Phrase Blitz: Oscar 'Best Actors'
pecheneg
F. Scott Fitzgerald Novels
LTH
Pick 3 Villains
ddd62291
Trending Topics
Anime
NBA
Kpop
Crossword
Disney
Marvel
Harry Potter
Pokémon
Puzzle
Soccer
WWE
The Office
NFL
Song
Country
Your Account Isn't Verified!
In order to create a playlist on Sporcle, you need to verify the email address you used during registration. Go to your
Sporcle Settings
to finish the process.
Report this User
Report this user for behavior that violates our
Community Guidelines
.
Details:
Send Report
Go to the Sporcle.com Mobile Site →
Comments